[Event "FSV-ch 2009"]
[Site "Dortmund"]
[Date "2009.05.25"]
[Round "6.10"]
[White "Benke, Werner"]
[Black "Behler, Nils"]
[Result "1/2-1/2"]
[WhiteElo "1530"]
[BlackElo "1807"]
[PlyCount "76"]
[EventDate "2009.??.??"]
[SourceDate "2009.04.03"]

1. e4 e5 2. f4 Bc5 3. Nf3 d6 4. Bc4 Nc6 5. d3 Bg4 6. c3 Qf6 7. f5 h6 8. h3 Bxf3
9. Qxf3 Nge7 10. Be3 Bxe3 11. Qxe3 O-O-O 12. Nd2 d5 13. Bb3 dxe4 14. dxe4 Rd7
15. O-O Rhd8 16. Nf3 Rg8 17. Qc5 g6 18. Qc4 Nd8 19. Qc5 Nec6 20. Bc2 g5 21. g4
h5 22. b4 hxg4 23. hxg4 Qh6 24. Kg2 Qd6 25. Qe3 b6 26. a4 a5 27. Rfd1 Qe7 28.
Qe2 axb4 29. Qa6+ Kb8 30. Qb5 Rxd1 31. Rxd1 Qc5 32. Qxc5 bxc5 33. Rd5 Nb7 34.
Nxe5 Nxe5 35. Rxe5 Rd8 36. Rd5 Rxd5 37. exd5 Nd6 38. cxb4 cxb4 {und in dieser
fuer Schwarz klar vorteilhaften Stellung einigte man sich auf ein Remis ...}
1/2-1/2

[Event "FSV-ch 2009"]
[Site "Dortmund"]
[Date "2009.05.28"]
[Round "6.11"]
[White "Bommert, Christian"]
[Black "Tautz, Eugen"]
[Result "1-0"]
[WhiteElo "1644"]
[BlackElo "1419"]
[PlyCount "67"]
[EventDate "2009.??.??"]
[SourceDate "2009.04.03"]

1. f4 e6 2. Nf3 Nc6 3. g3 d5 4. Bg2 Bc5 5. e3 Nf6 6. O-O Bd7 7. Qe1 O-O 8. c3
Ng4 9. h3 Nf6 10. Kh2 Be7 11. d3 a6 12. e4 dxe4 13. dxe4 Bc5 14. b4 Be7 15. Be3
Kh8 16. Nbd2 b5 17. Rd1 Rb8 18. Bf2 Ra8 19. Nb3 Qe8 20. Nc5 Bxc5 21. Bxc5 Rg8
22. g4 h6 23. g5 Nh7 24. Qh4 Rd8 25. e5 Ne7 26. gxh6 Nf5 27. hxg7+ Rxg7 28. Qh5
Ng3 29. Qh4 Nxf1+ 30. Bxf1 Qg8 31. Be7 Re8 32. Rxd7 Rxe7 33. Qxe7 Nf8 34. Rd8
1-0

[Event "FSV-ch 2009"]
[Site "Dortmund"]
[Date "2009.05.28"]
[Round "6.12"]
[White "Rzoczek, Christoph"]
[Black "Vöpel, Karl-Heinz"]
[Result "0-1"]
[WhiteElo "1590"]
[BlackElo "1686"]
[PlyCount "120"]
[EventDate "2009.??.??"]
[SourceDate "2009.04.03"]

1. d4 Nf6 2. Nf3 d5 3. Nbd2 Bg4 4. c3 Nbd7 5. g3 e6 6. Bg2 Bd6 7. O-O O-O 8.
Re1 c6 9. a4 e5 10. h3 Bh5 11. Nf1 e4 12. N3h2 Qc7 13. Ne3 Bg6 14. Bd2 Nh5 15.
Nhf1 f5 16. Nc2 f4 17. g4 Nhf6 (17... f3 $5) 18. f3 e3 19. Bc1 Be7 $1 20. Nh2
h6 (20... Ne8 21. -- $140 Bh4) 21. Nb4 a5 22. Nd3 b6 23. b3 Ne8 24. Ba3 Bxa3
25. Rxa3 Qd6 26. Ra1 Nef6 27. Bf1 Nh7 28. Bg2 Qf6 29. Rf1 Rae8 $6 {Eine strateg
ische Fehlentscheidung. Schwarz kommt auf Dauer nicht ohne den Zug ...c6-c5
aus, wenn er aus seiner klar vorteilhaften Stellung etwas machen will. Dann
jedoch gehoert einer seiner Tuerme nach c8, wahrscheinlich sogar der
Koenigsturm!} 30. Kh1 c5 31. Nb2 Qd6 (31... cxd4 32. Qxd4 Qxd4 33. cxd4 Rc8 34.
Rfc1 Ng5 {mit leichtem Gewinn. Weiss spielt praktisch mit zwei Figuren weniger.
}) 32. Rc1 Rc8 33. h4 Bf7 34. Rg1 g5 35. h5 Qf6 36. Qd3 Rc6 37. Qf5 {
Der Tausch der Damen erleichtert Schwarz den Gewinn erheblich ...} 37... Be6 (
37... Qxf5 $1 38. gxf5 Nhf6 {mit ueberlegenem Figurenspiel, z.B.} 39. Ng4 Nxh5
40. Bh3 Ng3+ 41. Rxg3 fxg3 {usw.}) 38. Qxf6 Nhxf6 39. Nd3 Rfc8 40. Rge1 cxd4
41. cxd4 Rxc1 42. Rxc1 Rxc1+ 43. Nxc1 Kf7 (43... Nb8) 44. Nf1 Ke7 45. Kh2 Nb8
46. Ng3 fxg3+ ({Die Agonie des Weissen ist nicht mehr mitanzusehen. Selbst die
Ablehnung des Verzweiflungsopfers mittels} 46... Nc6 {
haette kurzen Prozess gemacht.}) 47. Kxg3 Nc6 48. f4 gxf4+ ({oder auch} 48...
Bxg4) 49. Kxf4 Nxg4 50. Bxd5 Bxd5 51. Kxg4 Nxd4 52. Kf4 Nxb3 53. Nd3 Nc5 54.
Nb2 Bb3 55. Kxe3 Nxa4 56. Nd3 Bf7 57. Nf4 Kf6 58. Kd4 Kg5 59. e3 Nc5 60. Ke5 a4
{Geschafft, das Formular ist vollgeschrieben. Zeit zur Aufgabe ...} 0-1

[Event "FSV-ch 2009"]
[Site "Dortmund"]
[Date "2009.05.28"]
[Round "6.13"]
[White "Clausen, Dirk"]
[Black "Gennat, Egon L"]
[Result "1-0"]
[WhiteElo "1633"]
[BlackElo "1407"]
[PlyCount "75"]
[EventDate "2009.??.??"]
[SourceDate "2009.04.03"]

1. c4 Nf6 2. d4 g6 3. Nc3 Bg7 4. e4 d6 5. Bg5 O-O 6. Nf3 h6 7. Be3 Nbd7 8. Qd2
Ng4 9. Bd3 Nxe3 10. Qxe3 c5 11. d5 b5 12. cxb5 a6 13. O-O Qa5 14. bxa6 Bxa6 15.
Bxa6 Rxa6 16. Rac1 Rb8 17. b3 Bxc3 18. Rxc3 Qxa2 19. Qxh6 Rxb3 20. Rxb3 Qxb3
21. Qh3 Qb7 22. Ng5 Nf6 23. f4 Rb6 24. e5 Nh5 25. g4 Rb3 26. Qh4 Qxd5 27. gxh5
Rb2 28. Qh3 Qd4+ 29. Kh1 Qd5+ 30. Qf3 Qa2 31. h3 d5 32. hxg6 fxg6 33. Qg4 d4
34. Ne6 Qd5+ 35. Kg1 Kf7 36. f5 g5 37. Qh5+ Kg8 38. Qg6+ 1-0

[Event "FSV-ch 2009"]
[Site "Dortmund"]
[Date "2009.05.28"]
[Round "6.14"]
[White "Reinacher, Detlev"]
[Black "Schirmer, Michael"]
[Result "1-0"]
[WhiteElo "1533"]
[BlackElo "1429"]
[PlyCount "53"]
[EventDate "2009.??.??"]
[SourceDate "2009.04.03"]

1. d4 e6 2. c4 c5 3. e3 Nf6 4. Nf3 b6 5. Nc3 Bb7 6. Bd3 cxd4 7. exd4 Be7 8. O-O
O-O 9. a3 a5 10. Qc2 Bxf3 11. gxf3 Nc6 12. Ne2 h6 13. Kh1 e5 14. d5 Nd4 15.
Nxd4 exd4 16. Rg1 Kh8 17. Rg2 Nh5 18. Bd2 Qc7 19. Rag1 Bf6 20. Qc1 Rg8 21. Bxh6
g6 22. Bg5 Be5 23. Rg4 (23. Bd8 $3 Bf4 (23... Qxd8 24. Qh6#) 24. Bxc7 Bxc1 25.
Rxc1 $18) 23... f5 24. Rh4 (24. Bd8 $1 Bf4 25. Bxc7 Bxc1 26. Rh4 Bh6 27. Be5+
Kh7 (27... Bg7 28. Rxg6 Kh7 29. Bxf5) 28. Rxh5 gxh5 29. Bxf5+) 24... f4 25.
Bxg6 Rxg6 26. Rxh5+ Kg7 27. Bh6+ (27. Bh6+ Kf7 28. Rxg6 Kxg6 29. Qg1+ Kf7 30.
Rf5+ Ke7 31. Qg6 {usw.}) 1-0

[Event "FSV-ch 2009"]
[Site "Dortmund"]
[Date "2009.05.25"]
[Round "6.15"]
[White "Kittel, Swetlana"]
[Black "Weischer, Wolfgang"]
[Result "0-1"]
[WhiteElo "946"]
[BlackElo "1578"]
[PlyCount "34"]
[EventDate "2009.??.??"]
[SourceDate "2009.04.03"]

1. e4 e5 2. Nf3 Nc6 3. Bc4 Nf6 4. d4 Nxe4 5. dxe5 Nc5 6. Qd5 Ne6 7. Bd2 Bb4 8.
c3 Bc5 9. b4 Bb6 10. Ng5 Nxg5 11. Bxg5 Qxg5 12. Qxf7+ Kd8 13. O-O Nxe5 14. Qd5
c6 15. Qd1 Nxc4 16. Qe2 d5 17. Rd1 Bg4 0-1

[Event "FSV-ch 2009"]
[Site "Dortmund"]
[Date "2009.05.28"]
[Round "6.16"]
[White "Milonas, Georgios"]
[Black "Vogt, Christian"]
[Result "0-1"]
[WhiteElo "1462"]
[BlackElo "1140"]
[PlyCount "100"]
[EventDate "2009.??.??"]
[SourceDate "2009.04.03"]

1. e4 e5 2. Nf3 Nf6 3. Nxe5 d6 4. Nf3 Nxe4 5. Nc3 Nxc3 6. dxc3 Nd7 7. Bf4 Nf6
8. Bd3 Bg4 9. h3 Bh5 10. g4 Bg6 11. Qd2 Be7 12. O-O-O Qd7 13. Nd4 Bxd3 14. cxd3
g6 15. Bg5 O-O-O 16. Rhe1 Nd5 17. c4 Bxg5 18. Qxg5 Nb4 19. a3 Nc6 20. Nxc6 Qxc6
21. Re7 d5 22. b3 dxc4 23. dxc4 Rxd1+ 24. Kxd1 Qf3+ 25. Kc2 Rd8 26. Qe3 Qd1+
27. Kc3 Qa1+ 28. Kb4 a5+ 29. Ka4 b5+ 30. Kxa5 bxc4 31. Qc5 Qc3+ 32. Qb4 Rd5+
33. Ka4 Qxb4+ 34. axb4 cxb3 35. Kxb3 Rd3+ 36. Kc4 Rxh3 37. Rxf7 Rh4 38. f3 h5
39. Kc5 hxg4 40. Kc6 Kd8 41. fxg4 (41. Rd7+ Ke8 42. Rd4 $1) 41... Rxg4 42. Rf8+
$2 Ke7 43. Rg8 Rxb4 44. Rxg6 Rb6+ {und Weiss gab selbstverstaendlich auf. ---
Interessanterweise entstuende aber nach weiterem} 45. Kxc7 Rxg6 {der Schlusstei
l einer bekannten Uebungsaufgabe, die da lautet: Die Turmpartei erzwingt das
Matt, darf jedoch den Turm zwischenzeitlich nicht ziehen, sondern muss bis
unmittelbar vor dem Mattzug allein mit dem Koenig manoevrieren. Hier eine
moegliche Folge:} 46. Kc8 Kd6 47. Kb7 (47. Kd8 Rg8#) 47... Kd7 48. Ka8 Kc8 49.
Ka7 Kc7 50. Ka8 Ra6# {Im Original ist die Uebungsaufgabe nicht so leicht zu
bewaeltigen. Dazu belasse man den wK auf a8 und stelle die Figuren von Schwarz
(der am Zug sein soll) nach h8 (Koenig) bzw. nach h6 (Turm).} 0-1

[Event "FSV-ch 2009"]
[Site "Dortmund"]
[Date "2009.05.19"]
[Round "6.18"]
[White "Hübel, Carsten"]
[Black "Krüger, Inge"]
[Result "1-0"]
[WhiteElo "1272"]
[BlackElo "1336"]
[PlyCount "65"]
[EventDate "2009.??.??"]
[SourceDate "2009.04.03"]

1. c4 Nf6 2. d4 d5 3. cxd5 Nxd5 4. Nc3 e6 5. Nf3 Be7 6. e4 Nxc3 7. bxc3 O-O 8.
Bd3 Nd7 9. Qc2 Re8 10. e5 Nf8 11. O-O b6 12. Be4 Rb8 13. Bc6 Bd7 14. Bxd7 Qxd7
15. Bg5 Qd8 16. Bxe7 Qxe7 17. c4 Rbc8 18. Rad1 Red8 19. d5 exd5 20. cxd5 Ng6
21. Qf5 Qe8 22. Rd2 Ne7 23. Qe4 Qb5 24. Rfd1 Re8 25. Ng5 Ng6 26. e6 f6 27. Nf7
a5 28. d6 cxd6 29. Nxd6 Qc5 30. Nxc8 Qxc8 31. Rd7 Ne5 32. Qd5 Nxd7 33. exd7+
1-0

[Event "FSV-ch 2009"]
[Site "Dortmund"]
[Date "2009.05.28"]
[Round "6.19"]
[White "Skoecz, Horst"]
[Black "Stolte, Lukas S"]
[Result "0-1"]
[WhiteElo "1394"]
[BlackElo "1222"]
[PlyCount "96"]
[EventDate "2009.??.??"]
[SourceDate "2009.04.03"]

1. d4 d5 2. Nf3 e6 3. c3 Nf6 4. Nbd2 c5 5. e3 Nc6 6. Bb5 Bd7 7. Bxc6 Bxc6 8. a4
c4 9. O-O Qa5 10. Ne5 Bb5 11. Re1 Ba6 12. e4 Qc7 13. Ng4 Be7 14. Nxf6+ Bxf6 15.
exd5 O-O 16. Qg4 exd5 17. Nf3 b6 18. Bf4 Qc6 19. Ne5 Bxe5 20. Bxe5 f6 21. Bg3
Rae8 22. Rxe8 Rxe8 23. f4 Bc8 24. Qd1 Re4 25. b3 Be6 26. b4 a6 27. a5 b5 28.
Qf3 Qd7 29. Qf2 Bf5 30. Re1 Qe6 31. Qd2 Kf7 32. Rxe4 Qxe4 33. Qe1 Qc2 34. Bf2
Be4 35. h3 Kg6 36. Qe3 h5 37. g4 Qd1+ 38. Be1 hxg4 39. Qg3 Bf3 40. hxg4 Bxg4
41. Qe3 Kf5 42. Kf2 Bh5 43. Qh3+ Kg6 44. f5+ Kf7 45. Qe3 Qc2+ 46. Kg3 Qxf5 47.
Qf4 Qd3+ 48. Kh4 g5+ 0-1

[Event "FSV-ch 2009"]
[Site "Dortmund"]
[Date "2009.05.28"]
[Round "6.20"]
[White "Raskin, Vitali"]
[Black "Weih, Kurt"]
[Result "1-0"]
[WhiteElo "1635"]
[BlackElo "1305"]
[PlyCount "67"]
[EventDate "2009.??.??"]
[SourceDate "2009.04.03"]

1. d4 d5 2. c4 Nf6 3. Nc3 e6 4. Nf3 Bb4 5. Ne5 Bxc3+ 6. bxc3 O-O 7. Bg5 Nbd7 8.
e3 Qe8 9. Nxd7 Nxd7 10. c5 c6 11. Bd3 e5 12. Bf5 f6 13. Bh4 b6 14. cxb6 Nxb6
15. Bd3 e4 16. Be2 Be6 17. O-O Nd7 18. Bg3 Qc8 19. Rb1 c5 20. c4 cxd4 21. cxd5
Bxd5 22. Qxd4 Nb6 23. Rxb6 axb6 24. Qxd5+ Kh8 25. Qxe4 Rxa2 26. Bd3 f5 27. Qb4
Rd8 28. Bb1 Rad2 29. Qxb6 Qd7 30. h3 g6 31. Be5+ Kg8 32. Bd4 Qe7 33. Qb3+ Kf8
34. Qc3 1-0

[Event "FSV-ch 2009"]
[Site "Dortmund"]
[Date "2009.05.18"]
[Round "6.22"]
[White "Herrmann, Rudolf"]
[Black "Maffei, Hendrik"]
[Result "0-1"]
[WhiteElo "1399"]
[BlackElo "1180"]
[PlyCount "120"]
[EventDate "2009.??.??"]
[SourceDate "2009.04.03"]

1. d4 g6 2. Nf3 Bg7 3. c4 Nf6 4. Nc3 d6 5. Bg5 O-O 6. e3 Bg4 7. h3 Bxf3 8. Qxf3
c6 9. Bd3 e5 10. d5 Qb6 11. O-O Qxb2 12. Ne4 Nxe4 13. Bxe4 Qb6 14. Be7 Re8 15.
Bxd6 c5 16. Bxb8 Raxb8 17. Rab1 Qa6 18. Qe2 f5 19. Bc2 e4 20. Bb3 Rbd8 21. Rfd1
Be5 22. Qc2 Bd6 23. Ba4 Re7 24. Rb3 Qxa4 25. Rdb1 b6 26. Qe2 Qd7 27. Rb5 Rf8
28. a4 Qc7 29. a5 Bh2+ 30. Kh1 f4 31. axb6 axb6 32. Rxb6 f3 33. Qf1 fxg2+ 34.
Qxg2 Bd6 35. Rc6 Qd7 36. Rbb6 Rf6 37. Rb2 Ref7 38. Qg4 Kg7 39. Kg2 Qe7 40. Kf1
Qe5 41. Rcb6 Qh2 42. f4 Qh1+ 43. Ke2 Qc1 44. Rb7 Qxc4+ 45. Kf2 Qxd5 46. Rxf7+
Rxf7 47. Qe2 Qf5 48. Rd2 Be7 49. Qc4 Qxh3 50. Qxe4 Qh2+ 51. Ke1 Bh4+ 52. Kd1
Qg1+ 53. Kc2 Qa1 54. Qc4 Qa7 55. f5 Rxf5 56. Qxh4 Qa2+ 57. Kd1 Qb3+ 58. Ke2
Qb5+ 59. Kd1 Rf1+ 60. Kc2 Qb1+ 0-1

[Event "FSV-ch 2009"]
[Site "Dortmund"]
[Date "2009.05.28"]
[Round "6.23"]
[White "Rüttiger, Volker"]
[Black "Schaefer, Ulrich"]
[Result "1-0"]
[WhiteElo "1217"]
[BlackElo "1289"]
[PlyCount "65"]
[EventDate "2009.??.??"]
[SourceDate "2009.04.03"]

1. e4 e5 2. Nf3 Nc6 3. Bc4 Nf6 4. Nc3 Nxe4 5. O-O Nxc3 6. bxc3 d5 7. Bb3 Bg4 8.
Re1 Be7 9. d3 O-O 10. Bb2 b5 11. Qe2 a5 12. a4 b4 13. c4 dxc4 14. Bxc4 Bf6 15.
Qe4 Bxf3 16. Qxf3 Nd4 17. Qd1 c5 18. Rc1 Qd7 19. Ra1 Qf5 20. Re3 Bh4 21. g3 Bg5
22. Bxd4 exd4 23. Rf3 Qh3 24. Qe2 Ra7 25. Qe5 Be7 26. Qd5 Rd7 27. Qe4 Qh5 28.
Re1 Bd6 29. Qc6 Qg4 30. Kg2 Re7 31. Qxd6 {
Das sieht schoen aus, ist stark genug, aber doch nicht das Beste.} (31. Rxe7 $1
Bxe7 32. Rxf7 $1) 31... Rxe1 ({Zaeher, wenngleich verloren war} 31... Qxf3+ 32.
Kxf3 Rxe1) 32. Bxf7+ $1 Rxf7 33. Qd8+ 1-0

[Event "FSV-ch 2009"]
[Site "Dortmund"]
[Date "2009.05.28"]
[Round "6.24"]
[White "Oelze, Eckhardt"]
[Black "Pfeffer, Josef"]
[Result "0-1"]
[WhiteElo "992"]
[BlackElo "1276"]
[PlyCount "68"]
[EventDate "2009.??.??"]
[SourceDate "2009.04.03"]

1. e4 d5 2. exd5 Qxd5 3. Nc3 Qe5+ 4. Be2 a6 5. Nf3 Qa5 6. d4 e6 7. a3 c6 8. Ne5
Nd7 9. Nxd7 Bxd7 10. Be3 b5 11. O-O Be7 12. b4 Qd8 13. Ne4 Nf6 14. Nxf6+ Bxf6
15. Bd3 O-O 16. Qf3 g6 17. c3 Bg7 18. Rfe1 Be8 19. Qh3 Bd7 20. Qg3 Be8 21. h4
h5 22. Bg5 Qd7 23. Qf4 f5 24. Re3 Kh7 25. Rae1 Bf7 26. c4 Bxd4 27. Bh6 Rg8 28.
Rg3 Bg7 29. Bc2 $4 Bxh6 30. Qe5 Bg7 31. Rd1 Qxd1+ 32. Bxd1 Bxe5 33. Rd3 Rad8
34. Re3 Rxd1+ 0-1

[Event "FSV-ch 2009"]
[Site "Dortmund"]
[Date "2009.05.28"]
[Round "6.25"]
[White "Skalweit, Wolfgang"]
[Black "Rabe, Mark"]
[Result "1-0"]
[WhiteElo "1347"]
[BlackElo "1006"]
[PlyCount "51"]
[EventDate "2009.??.??"]
[SourceDate "2009.04.03"]

1. f4 d5 2. Nf3 e6 3. e3 Nf6 4. c4 c6 5. Nc3 Be7 6. Qc2 g6 7. Be2 Nbd7 8. O-O
b6 9. a3 a5 10. Na4 Ba6 11. d3 Rc8 12. Bd2 b5 13. Nc3 Qb6 14. Ne5 d4 15. Nd1
Nxe5 16. fxe5 Nd7 17. exd4 Qxd4+ 18. Be3 ({Der Partiezug gehorcht einer
Scheinlogik: "Mein Gegner bietet Schach, was Besseres, als seine
schachbietende Figur anzugreifen, kann es nicht geben". Besser war} 18. Nf2 {
wonach Weiss die Option Ld2-c3(xa5) und mehr Einfluss im Zentrum behaelt.})
18... Qxe5 19. d4 Qc7 20. c5 Bh4 21. Qe4 Bf6 22. Qf3 a4 23. Nc3 Bb7 $4 24. Ne4
$1 Ke7 25. Nxf6 Nxf6 26. Qxf6+ {nebst Matt in wenigen Zuegen ...} 1-0

[Event "FSV-ch 2009"]
[Site "Dortmund"]
[Date "2009.05.28"]
[Round "6.26"]
[White "Wangrin, Stefan A"]
[Black "Strotmann, Dieter"]
[Result "1-0"]
[WhiteElo "948"]
[BlackElo "1219"]
[PlyCount "83"]
[EventDate "2009.??.??"]
[SourceDate "2009.04.03"]

1. e4 c5 2. Bc4 d6 3. Nc3 Nf6 4. d3 e6 5. a3 Be7 6. Nf3 h6 7. O-O O-O 8. Re1 d5
9. exd5 exd5 10. Ba2 Nc6 11. Bf4 Bg4 12. Rf1 Nd4 13. Kh1 Bxf3 ({Schwarz fuehrt
die Drohung, den weissen Koenigsfluegel zu ramponieren, zu frueh aus. Mit dem
zunaechst paradox anmutenden Rueckzug} 13... Bh5 $5 {haette er den Gegner
schmoren lassen koennen und/oder den Abtausch auf f3 unter noch guenstigeren
Umstaenden erreichen koennen, z.B.} 14. Be5 Nxf3 15. gxf3 Bd6 {
mit bereits starkem schwarzen Angriff}) 14. gxf3 Qd7 15. Rg1 Kh8 (15... Bd6 $1
16. Bxh6 $2 Qh3 17. Rxg7+ Kh8 $19) 16. Be5 Nc6 17. f4 Rad8 18. Qf3 Qf5 19. Rae1
Rfe8 20. Qg3 Bf8 21. Nxd5 $1 Nxe5 22. Nxf6 Qxf6 23. fxe5 Qc6+ 24. Rg2 b5 $4 25.
Bxf7 $18 Re7 26. Bh5 c4 27. Re4 cxd3 28. cxd3 Qc1+ 29. Rg1 Qxb2 30. Rh4 $2 (30.
d4 $1 Rxd4 $4 31. Re2 $1 Rd2 32. Qf4 $1 Rxe2 33. Qxf8+ Kh7 34. Bg6#) 30... Qc3
31. Be2 Qxe5 $2 32. Rxh6+ $1 Kg8 33. Qh3 g5 (33... Qxe2 34. Rh8+ Kf7 35. Qf5+
Ke8 36. Rxf8#) 34. Qh5 (34. f4 $1 Qxf4 35. Rh8+ Kf7 36. Rf1) 34... Bxh6 35.
Qxh6 Rg7 ({Genauer war} 35... Qd5+ 36. f3 Rg7 {
um zunaechst den Laeufer vom Spiel auszuschliessen}) 36. Bg4 Qd5+ 37. f3 Qd6
38. Be6+ Kf8 39. Qh8+ Ke7 40. Qxg7+ Kxe6 41. Rxg5 Rf8 42. Rg6+ 1-0

[Event "FSV-ch 2009"]
[Site "Dortmund"]
[Date "2009.05.28"]
[Round "6.28"]
[White "Böckmann, Lieselotte"]
[Black "Wickenfeld, Udo"]
[Result "0-1"]
[WhiteElo "972"]
[BlackElo "1220"]
[PlyCount "64"]
[EventDate "2009.??.??"]
[SourceDate "2009.04.03"]

1. d4 d5 2. c4 c6 3. Nc3 Nf6 4. e3 e6 5. Be2 Bb4 6. a3 Ba5 7. b4 Bc7 8. Nf3
Nbd7 9. O-O O-O 10. a4 a6 11. e4 $2 {Nun uebertreibt Weiss den Bauernsturm!}
11... dxe4 12. Nxe4 $4 {Herrje!} 12... Nxe4 $19 13. Bd3 Nef6 14. h3 Re8 15. Re1
e5 16. Bc2 e4 17. Nh4 Nb6 18. c5 Nbd5 19. Kh1 Bf4 ({Baerenstark war} 19... Ng4
$1) 20. Bb2 Bg5 (20... Ng4 $1) 21. Nf3 exf3 22. Qxf3 Nxb4 23. Bf5 Bxf5 24. Qxf5
Rxe1+ {(?)} ({Es ist zwar laengst egal, wie praezise oder weniger praezise
Schwarz den Sieg realisiert, aber sein folgender Damenzug haette hier direkt
erfolgen muessen, damit die e-Linie nicht verloren geht. Also:} 24... Qd5 {
usw. --- In Stellungen, die noch halbwegs im Gleichgewicht sind, koennen
solche Ungenauigkeiten ueber Sieg und Niederlage entscheiden.}) 25. Rxe1 Qd5
26. Qb1 Qb3 27. Qf5 Bd2 28. Rg1 Qxb2 29. f3 Qxd4 30. Kh2 g6 31. Qb1 Nh5 32. g4
Bf4+ (32... Qf4+ 33. Kh1 Qxf3+ 34. Rg2 Qxh3+ 35. Kg1 Be3+ 36. Kf1 Ng3+ 37. Ke1
Qh1+ 38. Rg1 Qxg1#) 0-1

[Event "FSV-ch 2009"]
[Site "Dortmund"]
[Date "2009.05.28"]
[Round "6.29"]
[White "Griese, Andreas"]
[Black "Schirmer, Florian"]
[Result "1-0"]
[WhiteElo "1145"]
[BlackElo "1028"]
[PlyCount "39"]
[EventDate "2009.??.??"]
[SourceDate "2009.04.03"]

1. d4 d5 2. c4 c6 3. Nc3 Nf6 4. Nf3 dxc4 5. a4 Nbd7 6. Bg5 e6 7. e3 Bb4 8. Bxc4
Qa5 9. Qc2 b5 10. Bd3 Nd5 11. Rc1 c5 12. Bxb5 Ba6 13. O-O cxd4 14. Nxd4 Rc8 15.
Nc6 Rxc6 16. Bxc6 Bxf1 17. Kxf1 Qa6+ 18. Bb5 Qc8 19. Nxd5 Qxc2 20. Rxc2 1-0

[Event "FSV-ch 2009"]
[Site "Dortmund"]
[Date "2009.06.04"]
[Round "7.1"]
[White "Morawietz, Manuel"]
[Black "Lauche, Christoph"]
[Result "1-0"]
[WhiteElo "1817"]
[BlackElo "1914"]
[PlyCount "47"]
[EventDate "2009.??.??"]
[SourceDate "2009.04.03"]

1. e4 e5 2. Nf3 Nc6 3. Bb5 Nd4 4. Nxd4 exd4 5. d3 c6 6. Ba4 Bc5 7. O-O h5 8. c3
d6 9. b4 Bb6 10. Bb2 Bg4 11. Qd2 Rh6 12. cxd4 Rg6 13. Kh1 Qh4 14. f4 O-O-O 15.
Qf2 Qe7 16. f5 Rh6 17. Nd2 Nf6 18. h3 Rdh8 19. Nc4 h4 20. Nxb6+ axb6 21. Bc1
Rh5 22. hxg4 Nxg4 23. Qf4 Nh6 24. Bd1 1-0

[Event "FSV-ch 2009"]
[Site "Dortmund"]
[Date "2009.06.04"]
[Round "7.2"]
[White "Lindam, Ingo"]
[Black "Wickenfeld, Stefan"]
[Result "1-0"]
[WhiteElo "2051"]
[BlackElo "1833"]
[PlyCount "47"]
[EventDate "2009.??.??"]
[SourceDate "2009.04.03"]

1. d4 d5 2. Nf3 Nc6 3. c4 Bg4 4. Nc3 e6 5. e3 Nf6 6. Qb3 Bb4 7. Ne5 Bxc3+ 8.
bxc3 Nxe5 9. dxe5 Nd7 10. cxd5 Nxe5 11. Qa4+ Qd7 12. Qxd7+ Kxd7 13. f4 Ng6 14.
dxe6+ Bxe6 15. e4 Rhe8 16. Kf2 Bg4 17. h3 Bh5 18. g4 Nxf4 19. Bxf4 Bg6 20. Bb5+
c6 21. Rad1+ Ke7 22. Bd6+ Kf6 23. e5+ Kg5 24. h4+ 1-0

[Event "FSV-ch 2009"]
[Site "Dortmund"]
[Date "2009.06.04"]
[Round "7.3"]
[White "Sonntag, Joachim"]
[Black "Begna, Bozidar"]
[Result "0-1"]
[WhiteElo "1789"]
[BlackElo "1935"]
[PlyCount "58"]
[EventDate "2009.??.??"]
[SourceDate "2009.04.03"]

1. e4 Nf6 2. e5 Nd5 3. d4 d6 4. c4 Nb6 5. f4 dxe5 6. fxe5 Nc6 7. Be3 Bf5 8. Nc3
e6 9. Nf3 Nb4 (9... Bg4 10. Be2 Bxf3 11. gxf3 Qh4+ 12. Bf2 Qf4 13. c5 Nd5 14.
Nxd5 exd5 15. Qd2 Qxd2+ 16. Kxd2 g6 17. Be3 h5 18. Bb5 Ke7 19. Bg5+ Ke6 20. Kc3
h4 21. h3 Ne7 22. f4 Nf5 23. Be2 b6 24. b4 a5 25. a3 Be7 26. Bg4 Bxg5 27. fxg5
Ke7 28. Bf3 Rhd8 29. Rhb1 Ra7 30. Kd3 Rb8 31. b5 bxc5 32. dxc5 a4 33. Rb4 Ra5
34. Rab1 Rd8 35. Bd1 c6 36. b6 Rxc5 37. Rxa4 Rb8 38. Ra7+ Ke6 39. a4 Kxe5 40.
a5 d4 41. a6 Rc3+ 42. Kd2 Ra3 43. Rb7 Ra2+ 44. Kd3 Rc8 45. a7 c5 46. Bb3 Rh2
47. Rb8 c4+ 48. Bxc4 Rxh3+ 49. Kd2 Rxc4 50. Re8+ Kf4 51. a8=Q d3 52. Rf1+ Kxg5
53. Qd8+ f6 54. Rxf5+ {
1-0 Pavasovic,D-Nakamura,H/St Veit AUT 2008/The Week in Chess 733 (54)}) 10.
Rc1 c5 11. a3 (11. Bg5 Be7 12. Bxe7 Kxe7 13. Qd2 cxd4 14. Nb5 Nc6 15. Nbxd4 Kf8
16. Be2 Be4 17. Nxe6+ fxe6 18. Qf4+ Bf5 19. g4 g6 20. Qh6+ Kg8 21. gxf5 Qf8 22.
Qe3 Qxf5 23. O-O Rf8 24. b4 Qf4 25. Qc3 Qg4+ 26. Kh1 Qe4 27. Rce1 Kg7 28. b5
Ne7 29. Bd3 Qxf3+ 30. Rxf3 Rxf3 31. Rf1 Rxf1+ 32. Bxf1 Rd8 33. Bh3 Rd1+ 34. Kg2
Nf5 35. Bxf5 gxf5 36. Qg3+ Kf7 37. Qg5 Rd7 38. Qf6+ Kg8 39. Qxe6+ Rf7 40. c5
Na8 {1-0 Julia,E-Malbran,G/Buenos Aires ARG 2000/The Week in Chess 311 (40)})
11... cxd4 12. Nxd4 Nc6 13. Nxf5 exf5 14. Nb5 Nxe5 15. Be2 Be7 16. Qxd8+ Rxd8
17. Nxa7 Na4 18. b4 Nd3+ 19. Bxd3 Rxd3 20. Bd2 Rxa3 21. Nb5 Ra2 22. Rf1 g6 23.
Nc7+ Kd7 24. Nd5 Re8 25. Kd1 Nb2+ 26. Ke2 Bxb4+ 27. Be3 Nxc4+ 28. Kf3 Rxe3+ 29.
Nxe3 Nd2+ 0-1

[Event "FSV-ch 2009"]
[Site "Dortmund"]
[Date "2009.06.04"]
[Round "7.4"]
[White "Hillebrand, Carsten"]
[Black "Zelt, Jens"]
[Result "0-1"]
[WhiteElo "1878"]
[BlackElo "2024"]
[PlyCount "116"]
[EventDate "2009.??.??"]
[SourceDate "2009.04.03"]

1. c4 e5 2. g3 g6 3. Bg2 Bg7 4. Nc3 Ne7 5. e4 O-O 6. Nge2 d6 7. O-O Be6 8. b3
Nbc6 9. d3 Qd7 10. Nd5 h6 11. Be3 g5 12. d4 Ng6 13. f3 f5 14. Nxc7 Qxc7 15. d5
f4 16. Bf2 fxg3 17. hxg3 Bd7 18. dxc6 bxc6 19. Qd2 Be6 20. Rad1 Rad8 21. Nc3
Kh7 22. Qe3 Rf7 23. Rd3 Rdd7 24. Rfd1 Bf8 25. Qd2 g4 26. Rf1 Rf6 27. fxg4 Bxg4
28. Be3 Rdf7 29. Rxf6 Rxf6 30. Nd1 Qf7 31. Nf2 Bc8 32. Qe2 Ne7 33. Rd1 Qg7 34.
g4 Ng6 35. g5 hxg5 36. Bxg5 Nf4 37. Bxf4 exf4 38. Rd3 Rg6 39. Nh3 Bg4 40. Qf1
f3 41. Rxf3 Bxf3 42. Qxf3 Kg8 43. Nf4 Qd4+ 44. Qf2 Qa1+ 45. Kh2 Qe5 46. Kg1 Rf6
47. Qg3+ Bg7 48. Ne2 Qa1+ 49. Kh2 Rh6+ 50. Bh3 Qxa2 51. Qg4 Qxb3 52. Qc8+ Bf8
53. Qg4+ Kh8 54. Nf4 Qc2+ 55. Ng2 Qxc4 56. Qc8 Qf7 57. Qxc6 Qf3 58. Qc8 a5 0-1